000 00940na a2200301 4500
001 14936
003 MIRAKIL
005 20181213155019.0
008 161028b tu 000 0
020 _a9758584123
035 _a14936
040 _aMilas
_btur
_cTR-AnCHP
041 _atur
082 _aCHP 923.2 Baykam,S.
_bG95e 2004
090 _aCHP 923.2 Baykam,S. G95e 2004
100 _aGündüz, Alptekin
245 _aEn sevdiği güneşti
_bDr.Suphi Baykam'ın fırtınalı yaşamı
_cAlptekin Gündüz
246 _aDr. Suphi Baykam'ın fırtınalı yaşamı
250 _a3. bs.
260 _aİstanbul
_bPiramid Yayıncılık
_c2004
300 _a515 s.
_bres.
_c24 sm.
504 _aKaynakça ve dizin var.
600 _aBaykam,Suphi
_xAnılar
600 _aBaykam,Suphi
_cDr.
_d1924 - 1996
_xYaşamöyküsü
610 _aCHP
_xMilletvekilleri
_yAnılar
650 _aSosyal demokratlar
_zTürkiye
942 _2dcc
_cBKS
999 _c4810
_d4810